Proposiciones 17

Uloženo v:
Podrobná bibliografie
Médium: Kniha
Jazyk:španělština
Vydáno: Santiago Sur Ediciones 1989
Témata:
Tagy: Přidat tag
Žádné tagy, Buďte první, kdo vytvoří štítek k tomuto záznamu!

MARC

LEADER 00000nam a2200000 a 4500
001 UCX0858
003 CL-VaPUC
008 900327e19890000CL |||||||||||||||||spa|d
082 0 4 |a 305  |b PRO  |2 21 
245 1 0 |a Proposiciones 17 
246 1 0 |a Industria, obreros y movimiento sindical 
300 |a 226 p 
942 |c BK 
945 |d 19900327 00:00:00 
260 |a Santiago  |b Sur Ediciones  |c 1989 
650 7 |a MOVILIDAD POLITICA  |2 CL-VaPUC  |9 468360 
650 0 |a Sociología política   |9 255920 
651 7 |a CHILE  |2 CL-VaPUC  |9 468361 
583 |a last modification  |c 19900327 00:00:00  |k Rodrigo Vera 
999 |c 299879  |d 299877 
952 |0 0  |1 0  |4 0  |6 305_000000000000000_PRO_1989  |7 0  |8 A  |9 356881  |a BIBGIM  |b BIBGIM  |d 2019-11-21  |i 2855992  |o 305 PRO 1989  |p 2855992  |r 2025-01-15  |w 2019-11-21  |y BK  |k SSL 
952 |0 0  |1 0  |4 0  |6 305_000000000000000_PRO_1989  |7 0  |8 A  |9 356882  |a BIBGIM  |b BIBGIM  |d 2019-11-21  |i 285600K  |o 305 PRO 1989  |p 285600K  |r 2025-01-15  |w 2019-11-21  |y BK  |k SSL 
952 |0 0  |1 0  |4 0  |6 305_000000000000000_PRO_1989  |7 0  |8 A  |9 356883  |a BIBGIM  |b BIBGIM  |d 2019-11-21  |i 2856018  |o 305 PRO 1989  |p 2856018  |r 2025-01-15  |w 2019-11-21  |y BK  |k SSL 
952 |0 0  |1 0  |4 0  |6 305_000000000000000_PRO_1989  |7 0  |8 A  |9 356884  |a BIBGIM  |b BIBGIM  |d 2019-11-21  |i 2856026  |o 305 PRO 1989  |p 2856026  |r 2025-01-15  |w 2019-11-21  |y BK  |k SSL 
952 |0 0  |1 0  |4 0  |6 305_000000000000000_PRO_1989  |7 0  |8 A  |9 356885  |a BIBGIM  |b BIBGIM  |d 2019-11-21  |i 2856034  |o 305 PRO 1989  |p 2856034  |r 2025-01-15  |w 2019-11-21  |y BK  |k SSL